Striped Country Flags with Inverted Colors - Statistics

General Stats
  • This quiz has been taken 753 times
  • The average score is 8 of 20
Answer Stats
Country % Correct
Germany
79%
Colombia
71%
France
67%
Peru
66%
Austria
57%
Italy
53%
Netherlands
48%
Belgium
45%
Romania
41%
Russia
37%
Yemen
34%
Ireland
30%
Armenia
29%
Hungary
29%
Mali
28%
Guinea
27%
Bolivia
24%
Luxembourg
24%
Sierra Leone
19%
Gabon
18%
No matching quizzes found
Score Distribution
Percent of People with Each Score
Percentile by Number Answered
Your Score History
You have not taken this quiz